<?xml version="1.0" encoding="UTF-8"?>
<record
    xmlns:xsi="http://www.w3.org/2001/XMLSchema-instance"
    xsi:schemaLocation="http://www.loc.gov/MARC21/slim http://www.loc.gov/standards/marcxml/schema/MARC21slim.xsd"
    xmlns="http://www.loc.gov/MARC21/slim">

  <leader>03572nam a2200397 a 4500</leader>
  <controlfield tag="001">dia_828</controlfield>
  <controlfield tag="003">CHAP</controlfield>
  <controlfield tag="005">20251202103010.0</controlfield>
  <controlfield tag="007">ta</controlfield>
  <controlfield tag="008">220117s1984    mx ad  frm    001 0 spa d</controlfield>
  <datafield tag="010" ind1=" " ind2=" ">
    <subfield code="a">171378</subfield>
  </datafield>
  <datafield tag="040" ind1=" " ind2=" ">
    <subfield code="a">mxchpua</subfield>
    <subfield code="c">CHAP</subfield>
  </datafield>
  <datafield tag="041" ind1="0" ind2=" ">
    <subfield code="a">spa</subfield>
  </datafield>
  <datafield tag="090" ind1=" " ind2=" ">
    <subfield code="a">Tesis</subfield>
    <subfield code="b">S262</subfield>
    <subfield code="c">1984</subfield>
  </datafield>
  <datafield tag="100" ind1="1" ind2=" ">
    <subfield code="a">Santoyo Cort&#xE9;s, Vinicio Horacio</subfield>
  </datafield>
  <datafield tag="245" ind1="1" ind2="0">
    <subfield code="a">Metodolog&#xED;a de evaluaci&#xF3;n econ&#xF3;mica en proyectos para la instalaci&#xF3;n de plantas productoras de fertilizantes. (Estudio de caso:</subfield>
    <subfield code="b">el complejo industrial productor de fertilizantes de L&#xE1;zaro C&#xE1;rdenas estado de Michoac&#xE1;n, M&#xE9;xico) /</subfield>
    <subfield code="c">Vinicio Horacio Santoyo Cortes</subfield>
  </datafield>
  <datafield tag="264" ind1=" " ind2=" ">
    <subfield code="a">Chapingo, M&#xE9;xico :</subfield>
    <subfield code="b">El autor,</subfield>
    <subfield code="c">1984</subfield>
  </datafield>
  <datafield tag="300" ind1=" " ind2=" ">
    <subfield code="a">129 p&#xE1;ginas :</subfield>
    <subfield code="b">ilustraciones, tablas, gr&#xE1;ficas</subfield>
  </datafield>
  <datafield tag="336" ind1=" " ind2=" ">
    <subfield code="2">rdacontent</subfield>
    <subfield code="a">texto</subfield>
    <subfield code="b">txt</subfield>
  </datafield>
  <datafield tag="337" ind1=" " ind2=" ">
    <subfield code="2">rdamedia</subfield>
    <subfield code="a">no mediado</subfield>
    <subfield code="b">n</subfield>
  </datafield>
  <datafield tag="338" ind1=" " ind2=" ">
    <subfield code="2">rdacarrier</subfield>
    <subfield code="a">volumen</subfield>
    <subfield code="b">nc</subfield>
  </datafield>
  <datafield tag="502" ind1=" " ind2=" ">
    <subfield code="a">Tesis</subfield>
    <subfield code="b">(Maestro en Ciencias, Especialista en Econom&#xED;a Agr&#xED;cola) -- </subfield>
    <subfield code="c">Colegio de Postgraduados. Instituci&#xF3;n de Ense&#xF1;anza e Investigaci&#xF3;n en Ciencias Agr&#xED;colas,</subfield>
    <subfield code="d">1984</subfield>
  </datafield>
  <datafield tag="504" ind1=" " ind2=" ">
    <subfield code="a">Bibliograf&#xED;a: p&#xE1;ginas 115-117</subfield>
  </datafield>
  <datafield tag="520" ind1="3" ind2=" ">
    <subfield code="a">Actualmente existe una incapacidad del sector agropecuario para satisfacer la demanda nacional de productos b&#xE1;sicos, hecho que se manifiesta en un incremento substancial del volumen de importaciones de estos productos*. Esta insuficiencia de la producci&#xF3;n nacional, es el resultado de la disminuci&#xF3;n del ritmo de crecimiento del producto inter no bruto (PIB) del sector agr&#xED;cola y de la din&#xE1;mica expansi&#xF3;n de la demanda que se debi&#xF3; fundamentalmente a los aumentos de la poblaci6n y del ingreso real durante la &#xFA;ltima d&#xE9;cada. Ahora bien, considerando a la superficie cultivada y a los rendimientos por unidad productora como los determinantes de la producci6n agr&#xED;cola, podemos afirmar que el incremento de cualquiera de 'estos' dos &#x201C;componentes vendr&#xE1; a reducir la magnitud de la demanda insatisfecha por, la producci&#xF3;n nacional. El primero &#x2018;de dichos componentes de acuerdo al suelo disponible, top&#xF3;grafa y precipitaci6n pluvial, tiene un l&#xED;mite bien' definido dentro de los sistemas tecnol&#xF3;gicos actuales, mientras que el segundo factor por estar &#xED;ntimamente ligado a la inversi6n y a la tecnolog&#xED;a tiene. un desarrollo m&#xE1;s amplio (24). Aunque son muchos los factores que intervienen en el proceso de mejoramiento de los rendimientos, el uso de los fertilizantes es uno de los que contribuyen en mayor medida al aumento de la productividad por hect&#xE1;rea y por hombre ocupado (20), Si bien este efecto est&#xE1; relacionado con el hecho de que la aplicaci6n de fertilizantes va generalmente asociada con el uso de otros insumos importantes (semillas mejoradas, riego, maquinaria agr&#xED;cola, etc.,),"puede consider&#xE1;rsele no s6lo como uno de los indicadores m&#xE1;s importantes para medir el progreso tecnol6gico de la agricultura, sino una verdadera punta de lanza para lograr dicho progreso"(20) y esta es una de las razones fundamentales de la importancia de su producci6n en un pa&#xED;s como el nuestro.</subfield>
  </datafield>
  <datafield tag="650" ind1="1" ind2="3">
    <subfield code="a">Fertilizantes</subfield>
    <subfield code="2">atg</subfield>
  </datafield>
  <datafield tag="650" ind1="1" ind2="3">
    <subfield code="a">Industria de los fertilizantes</subfield>
    <subfield code="z">M&#xE9;xico  </subfield>
    <subfield code="2">atg</subfield>
  </datafield>
  <datafield tag="650" ind1="1" ind2="3">
    <subfield code="a">Fertilizers  </subfield>
    <subfield code="2">atg</subfield>
  </datafield>
  <datafield tag="650" ind1="1" ind2="3">
    <subfield code="a">Fertilizer industry</subfield>
    <subfield code="z">Mexico</subfield>
    <subfield code="2">atg</subfield>
  </datafield>
  <datafield tag="700" ind1="1" ind2=" ">
    <subfield code="a">Villa Issa, Manuel Rafael</subfield>
    <subfield code="e">director</subfield>
  </datafield>
  <datafield tag="700" ind1="1" ind2=" ">
    <subfield code="a">Badillo Navarrete, Ernesto</subfield>
    <subfield code="e">asesor</subfield>
  </datafield>
  <datafield tag="700" ind1="1" ind2=" ">
    <subfield code="a">Nieto Baltazar, Jos&#xE9; Mar&#xED;a</subfield>
    <subfield code="e">asesor</subfield>
  </datafield>
  <datafield tag="901" ind1=" " ind2=" ">
    <subfield code="a">TESIS S262 1984</subfield>
  </datafield>
  <datafield tag="902" ind1=" " ind2=" ">
    <subfield code="a">M</subfield>
  </datafield>
  <datafield tag="905" ind1=" " ind2=" ">
    <subfield code="a">0000001984                          mx     0000000000spa00</subfield>
  </datafield>
  <datafield tag="942" ind1=" " ind2=" ">
    <subfield code="c">TESIS</subfield>
    <subfield code="2">Clasificaci&#xF3;n Universidad Aut&#xF3;noma Chapingo</subfield>
  </datafield>
  <datafield tag="999" ind1=" " ind2=" ">
    <subfield code="c">171378</subfield>
    <subfield code="d">171378</subfield>
  </datafield>
  <datafield tag="952" ind1=" " ind2=" ">
    <subfield code="0">0</subfield>
    <subfield code="1">0</subfield>
    <subfield code="2">local</subfield>
    <subfield code="4">0</subfield>
    <subfield code="5">1</subfield>
    <subfield code="7">0</subfield>
    <subfield code="8">TESIS</subfield>
    <subfield code="a">IA_</subfield>
    <subfield code="b">IA_</subfield>
    <subfield code="d">2025-12-02</subfield>
    <subfield code="e">El autor</subfield>
    <subfield code="l">0</subfield>
    <subfield code="o">Tesis S262 1984</subfield>
    <subfield code="p">1101016255</subfield>
    <subfield code="r">2026-02-02 00:00:00</subfield>
    <subfield code="t">Ej.1</subfield>
    <subfield code="w">2025-12-02</subfield>
    <subfield code="y">TESIS</subfield>
  </datafield>
  <datafield tag="952" ind1=" " ind2=" ">
    <subfield code="0">0</subfield>
    <subfield code="1">0</subfield>
    <subfield code="2">local</subfield>
    <subfield code="4">0</subfield>
    <subfield code="5">5</subfield>
    <subfield code="7">0</subfield>
    <subfield code="8">TESIS</subfield>
    <subfield code="a">IA_</subfield>
    <subfield code="b">IA_</subfield>
    <subfield code="d">2025-12-02</subfield>
    <subfield code="e">El autor</subfield>
    <subfield code="l">0</subfield>
    <subfield code="o">Tesis S262 1984</subfield>
    <subfield code="p">1101016256</subfield>
    <subfield code="r">2026-02-02 00:00:00</subfield>
    <subfield code="t">Ej.2</subfield>
    <subfield code="w">2025-12-02</subfield>
    <subfield code="y">TESIS</subfield>
  </datafield>
</record>
